000 00957nac a22002291u 4500
010 _a 96032222
020 _a0674175530 (cloth : alk. paper)
082 0 0 _a616.994042
_bF9613
090 _c4035
_d4035
100 _aFujimura, Joan H.
245 1 0 _aCrafting science :
_ba sociohistory of the quest for the genetics of cancer /
_cJoan H. Fujimura.
260 _aCambridge, Mass. :
_bHarvard University Press,1996
_c1996.
300 _ax, 322 p. :
_bill. ;
_c 25 cm.
504 _aIncludes bibliographical references (p. 281-312) and index.
650 0 _aProto-oncogenes
_xResearch
_xHistory.
650 0 _aCancer
_xGenetic aspects
_xResearch
_xHistory.
650 0 _aScience
_xSocial aspects.
650 0 _aCulture
_xStudy and teaching.
650 0 _aMedical anthropology.
942 _cBB
_k616.994042F9613
999 _c4035
_d4035